000 00297nam a22001337a 4500
008 181009b xxu||||| |||| 00| 0 eng d
020 _a013330308
041 _aeng
080 _a316
100 _a50
101 _aSOC
245 _aFoundations of Modern Sociology
_cSpencer, M
942 _2udc
_cBK
999 _c49171
_d49171